Statistics for Premier League Players by Number - 7

Click here to take the quiz!

General Stats

  • This quiz has been taken 35 times
  • The average score is 12 of 19

Answer Stats

PositionClubNationPlayer% Correct
FWTottenham HotspurSouth KoreaHeung-Min Son
93%
FWManchester CityEnglandRaheem Sterling
93%
FWManchester UnitedUruguayEdinson Cavani
89%
MFChelseaFranceN'Golo Kante
85%
MFLiverpoolEnglandJames Milner
78%
FWNewcastle UnitedBrazilJoelinton
78%
MFArsenalEnglandBukayo Saka
74%
FWEvertonBrazilRicharlison
74%
FWWest Ham UnitedUkraineAndriy Yarmolenko
70%
MFAston VillaScotlandJohn McGinn
67%
FWLeicester CityEnglandHarvey Barnes
63%
FWWolvesPortugalPedro Neto
59%
FWSouthamptonIrelandShane Long
44%
MFBurnleyIcelandJohann Berg Gudmundsson
41%
FWBrentfordSpainSergi Canos
41%
FWBrighton & Hove AlbionIrelandAaron Connolly
37%
MFNorwich CityGermanyLukas Rupp
30%
MFCrystal PalaceFranceMichael Olise
30%
FWWatfordNorwayJoshua King
26%

Score Distribution

Percentile by Number Answered

Percent of People with Each Score

Your Score History

You have not taken this quiz